00569 2200217 4500001002100000005001700021008004100038035002500079082001000104090001700114100001800131245003600149250001100185260002600196300003200222500003100254650003000285850001200315990001200327990001200339YOGYA-0209000003223820150610103339.0 ind  a0010-020900000032238 a371.3 a371.3bHam M aHAMALIK, Umar aMedia pendidikancOemar Hamalik aCet. 1 aBandungbAlumnic1980 a253 hlm. :bilus. ;c21 cm. aBibliografi : hlm. 249-253 aPendidikan audio - Visual aYOPDYOG a16032-P a22581-P